Word Ladder: 2013 Baby Girl Names Quiz Stats

 Plays Quiz Updated Jun 17, 2018

Challenge
Share
Tweet
Embed
Score 0/51 Timer 07:00
0 Plays Today
Hint 4-Letter Word % Correct
#14. Jazz singer Fitzgerald•ELLA•
90%
Bird mouthBEAK
88.2%
Head parasitesLICE
87.5%
#35. Kournikova or Paquin•ANNA•
87%
Not pre-recordedLIVE
86.5%
Traveled on a horseRODE
86.3%
Impolite, discourteousRUDE
85.5%
Supremes lead singer DianaROSS
85.3%
Rear sideBACK
84.8%
Baby kangarooJOEY
84.3%
#93. July birthstone•RUBY•
84.2%
Pasadena New Year's paradeROSE
84.1%
DiMaggio, Montana, and BidenJOES
83.7%
Guitar virtuoso JeffBECK
83.4%
#78. 'That '70s Show' actress Kunis•MILA•
82.9%
Let secret info slip outLEAK
82.1%
'Dark Angel' actress JessicaALBA
82%
Nessie's swimming holeLOCH
81.1%
Security deviceLOCK
80.8%
Napoleon's exile islandELBA
80.6%
#33. First of Jacob's wives•LEAH•
80.5%
#72. African-American poet Angelou•MAYA•
80.3%
Avenger's director WhedonJOSS
80.2%
Be in needLACK
80.1%
Notre Dame football underdogRUDY
79.8%
#40. Operatic solo•ARIA•
79.6%
Hint 4-Letter Word % Correct
#66. Linus van Pelt's sister•LUCY•
78%
Former Polish president WałęsaLECH
77.9%
#27. Comedian Tomlin•LILY•
76.4%
Of fine, open fabricLACY
75.9%
Author Clare BootheLUCE
74.7%
Country bumpkinRUBE
74.5%
Deceptive schemeRUSE
74.1%
Source of artist's inspiration MUSE
73.9%
Great Roman historian LIVY
69.4%
Wild buffalo of Southeast AsiaARNA
68.5%
Hindu prayer beadsMALA
68.2%
Strong-smelling mammal secretionMUSK
66.8%
#83. Author Roberts/director Ephron•NORA•
65.6%
Rising and falling of the voice LILT
62.6%
Alice's turtle friend typeMOCK
60.3%
Stable waste matterMUCK
59.9%
Saints' and Pelicans' home (abbrev.)NOLA
58.1%
Reproductive gland of male fishMILT
55%
Former tennis #1 CarlosMOYÁ
47.9%
UCLA football coach JimMORA
46.8%
#24. 'Ringer' actress Deutch •ZOEY•
46.2%
With Vista early search engineALTA
45.7%
Rectangular pilasterANTA
43.9%
Czech word for 'zero'NULA
25%
Signed software docs (abbr.)EULA
24.8%

Today's Daily Dose

Missing Word
Top 10 Artists

Word Ladder
'70s Song II

On This Day
October 20th II

You're not logged in!

Compare scores with friends on all Sporcle quizzes.
Join for Free
OR
Log In

You Might Also Like...

Show Comments

Extras

Top Quizzes Today


Score Distribution

Your Account Isn't Verified!

In order to create a playlist on Sporcle, you need to verify the email address you used during registration. Go to your Sporcle Settings to finish the process.

Report this User

Report this user for behavior that violates our Community Guidelines.

Details: